000 01258cam a2200289 a 4500
999 _c7683
_d7683
001 7683
003 BD - JhCC
005 20180213101838.0
008 050310s2005 ctua b 001 0 eng
020 _a0313323208 (alk. paper)
035 _aBD - JhCC
040 _aDLC
_cDLC
_dDLC
_dBD - JhCC
041 _aeng
050 0 0 _aPN4867
_b.W34 2005
082 0 0 _a071/.3/0904
_222
_bWAL 2005
100 1 _aWallace, Aurora.
245 1 0 _aNewspapers and the making of modern America :
_ba history /
_cAurora Wallace.
260 _aWestport, Conn. :
_bGreenwood Press,
_c2005.
300 _a214 p. :
_bill. ;
_c25 cm.
504 _aIncludes bibliographical references (p. [195]-202) and index.
505 0 _aNewspapers and their cities, towns, and villages -- Tabloids and the city -- Small town reform newspapers -- The Black press goes to war -- Postwar newspapers, suburbanization, and land development -- Florida in chains -- The community newspaper -- National newspapers and the nation.
650 0 _aAmerican newspapers
_xHistory
_y20th century.
650 0 _aJournalism
_xSocial aspects
_zUnited States
_xHistory
_y20th century.
856 4 1 _3Table of contents
_uhttp://www.loc.gov/catdir/toc/ecip059/2005006712.html
942 _2ddc
_cBK